Economia del medio ambiente / introducción y selección: J. A. Gallego Gredilla... ; lista de autores cuyos trabajos se incluyen: Ignacy Sachs ...[et al.] J. A. Gallego Gredilla... ; lista de autores cuyos trabajos se incluyen:
ISBN:
84-600-6347-X
Descripción Física:
371 p. ; 19 cm
Colección:
Libros de bolsillo ; 28
Materias:
Economia ambiental
MARC
| LEADER | 00000nam a2200000Ia 4500 | ||
|---|---|---|---|
| 001 | 664 | ||
| 008 | 160829s9999 xx 000 0 cat d | ||
| 020 | |a 84-600-6347-X | ||
| 080 | |a C-2-39 | ||
| 245 | |a Economia del medio ambiente / introducción y selección: |b J. A. Gallego Gredilla... ; lista de autores cuyos trabajos se incluyen: |b Ignacy Sachs ...[et al.] | ||
| 260 | |a [Madrid] : |b Instituto de Estudios Fiscales, dl 1974 | ||
| 300 | |a 371 p. ; |c 19 cm | ||
| 490 | |a Libros de bolsillo ; 28 | ||
| 590 | |a Abans del títol: Ministerio de Hacienda | ||
| 650 | |a Economia ambiental |9 27533 | ||
| 700 | |a Gallego Gredilla, José Antonio |9 27534 | ||
| 700 | |a Sachs, Ignacy |9 27535 | ||
| 710 | |a Instituto de Estudios Fiscales (Madrid) |9 52635 | ||
| 901 | |a Arxiu | ||
| 942 | |n 1 | ||
| 952 | |0 0 |1 0 |4 0 |6 C239 |7 1 |9 44427 |a Arxiu |b Arxiu |d 2016-12-01 |l 0 |o C-2-39 |p 664 |r 2016-12-01 00:00:00 |w 2016-12-01 |y ARXIU | ||
| 999 | |c 47008 |d 47008 | ||